Every Bionicle Set (2001-2010, 2015-2016) - Statistics

General Stats
  • This quiz has been taken 245 times
    243 since last reset
  • The average score is 109 of 250
Answer Stats
Hint Answer % Correct
2010 Tahu
94%
2001 Maku
83%
2003 Makuta
83%
2002 Tahu Nuva
80%
2001 Vakama
79%
2002 Gali Nuva
78%
2001 | 2003 Matoro
78%
2003 | 2008 | 2010 Takanuva
78%
2001 Gali Mata
77%
2001 Kopaka Mata
77%
2001 Onua Mata
77%
2002 Onua Nuva
77%
2001 Tahu Mata
77%
2002 Kopaka Nuva
76%
2001 Lewa Mata
76%
2002 Lewa Nuva
76%
2002 Pohatu Nuva
75%
2001 Kongu
74%
2001 Pohatu Mata
74%
2001 Matau
73%
2001 Nokama
73%
2001 Onewa
73%
2001 Whenua
73%
2003 Hewkii
72%
2001 Nuju
72%
2004 Vakama Metru
71%
2003 Hahli
70%
2004 Onewa Metru
70%
2004 Matau Metru
69%
2004 Nokama Metru
69%
2005 Vakama Hordika
68%
2007 Matoro Mahri
67%
2005 Nokama Hordika
67%
2004 Nuju Metru
67%
2004 Whenua Metru
67%
2007 Hahli Mahri
66%
2001 Jala
66%
2006 Jaller Inika
66%
2007 Jaller Mahri
66%
2009 Mata Nui
66%
2005 Matau Hordika
66%
2007 Nuparu Mahri
66%
2007 Hewkii Mahri
65%
2007 Kongu Mahri
65%
2005 Nuju Hordika
65%
2005 Onewa Hordika
65%
2005 Roodaka
65%
2005 Whenua Hordika
65%
2006 Axonn
64%
2006 Hahli Inika
64%
2006 Matoro Inika
64%
2006 Brutaka
63%
2008 Gali Mistika
63%
2009 | 2010 Gresh
63%
2006 Hewkii Inika
63%
2006 Kongu Inika
63%
2008 Lewa Phantoka
63%
2006 Nuparu Inika
63%
2008 Tahu Mistika
63%
2008 Onua Mistika
62%
2008 Pohatu Phantoka
62%
2005 Sidorak
62%
2006 Thok
62%
2006 Vezok
62%
2008 Kopaka Phantoka
60%
2006 Avak
59%
2005 Keetongu
59%
2009 | 2010 Skrall
59%
2010 Piraka
58%
2006 Zaktan
58%
2007 Gadunka
55%
2001 Nui-rama
55%
2007 Pridak
55%
2006 Reidak
55%
2007 Carapar
54%
2006 Hakann
54%
2001 Huki
54%
2004 Nidhiki
54%
2002 Tahnok
54%
2007 Takadox
53%
2006 Vezon and Fenrakk
53%
2002 Gahlok
52%
2004 Krekka
52%
2008 Krika
52%
2001 Nui-jaga
52%
2001 Onepu
52%
2002 Boxor
51%
2007 Hydraxon
51%
2008 Toa Ignika
51%
2008 Vamprah
50%
2007 Ehlek
49%
2007 Mantax
49%
2010 Rahkshi
49%
2003 Tahnok kal
49%
2008 Bitil
48%
2003 Gahlok kal
48%
2008 Gorast
48%
2007 Kalmah
48%
2003 Takua and Pewku
48%
2002 Kohrak
47%
2003 Lerahk
46%
2009 Ackar
45%
2003 Jaller and Gukko
45%
2003 Macku
45%
2009 Malum
45%
2001 Manas
45%
2007 Maxilos and spinax
45%
2003 Kohrak kal
44%
2008 Antroz
43%
2007 Lesovikk
43%
2007 Nocturn
43%
2008 Icarax
42%
2009 Kiina
42%
2002 Lehvak
42%
2004 Ahkmou
41%
2002 Exo-toa
41%
2005 Iruini
41%
2005 Norik
41%
2002 Pahrak
41%
2008 Solek
41%
2005 Bomonga
40%
2003 Guurahk
40%
2007 Karzahni
40%
2003 Panrahk
40%
2002 Tahnok va
40%
2001 Tarakava
40%
2003 Turahk
40%
2002 Gahlok va
39%
2001 Muaka and kane-ra
39%
2006 Umbra
39%
2006 Velika
39%
2003 Kurahk
38%
2003 Lehvak kal
38%
2009 Metus
38%
2003 Pahrak kal
38%
2009 Stronius
38%
2009 Toa Mata Nui
38%
2007 Defilak
37%
2007 Dekar
37%
2009 Gelu
37%
2003 Kopeke
37%
2002 Nuhvok
37%
2008 Photok
37%
2004 Vhisola
37%
2008 Gavla
36%
2002 Kohrak va
36%
2008 Chirox
35%
2003 Nuhvok kal
35%
2009 Strakk
35%
2008 Kirop
34%
2002 Lehvak va
34%
2005 Pouks
34%
2009 Tarix
34%
2003 Vorahk
34%
2009 Berix
33%
2003 Hafu
33%
2002 Pahrak va
33%
2009 Vastus
33%
2009 Vorox
33%
2008 Axalara T9
32%
2002 Nuhvok va
32%
2008 Radiak
32%
2004 Ehrye
31%
2005 Gaaki
31%
2005 Kualus
31%
2004 Nuhrii
31%
2015 Tahu Master of Fire
31%
2004 Turaga Dume and Nivawk
31%
2006 Balta
30%
2002 Cahdok and Gahdok
30%
2015 Gali Master of Water
30%
2006 Irnakk
30%
2015 Kopaka Master of Ice
30%
2015 Onua Master of Earth
30%
2015 Pohatu Master of Stone
30%
2008 Tanma
30%
2005 Toa Iruini
30%
2009 Tuma
30%
2009 Raanu
29%
2009 Zesk
29%
2006 Piruk
28%
2004 Tehutti
28%
2006 Dalu
27%
2006 Garan
27%
2008 Jetrax T6
27%
2005 Keelerak
27%
2015 Lewa Master of Jungle
27%
2008 Mazeka
27%
2004 Orkham
27%
2016 Tahu Uniter of Fire
27%
2004 Toa Lhikan and Kikanalo
27%
2005 Toa Norik
27%
2016 Gali Uniter of Water
26%
2006 Kazi
26%
2008 Vultraz
26%
2016 Onua Uniter of Earth
25%
2005 Oohnorak
25%
2016 Pohatu Uniter of Stone
25%
2009 Atakus
23%
2016 Lewa Uniter of Jungle
23%
2008 Mutran and Vican
23%
2008 Rockoh T3
23%
2005 Roporak
23%
2007 Thulox
23%
2016 Ekimu
22%
2005 Suukorak
22%
2004 Bordakh
21%
2007 Morak
21%
2009 Tarduk
21%
2004 Zadakh
21%
2005 Boggarak
20%
2015 Protector of Earth
20%
2015 Protector of Fire
20%
2015 Protector of Jungle
20%
2004 Rorzakh
20%
2015 Protector of Ice
19%
2015 Protector of Stone
19%
2009 Skopio XV1
19%
2009 Cendox V1
18%
2015 Protector of Water
18%
2004 Nuurakh
17%
2009 Fero and Skirmix
16%
2005 Vohtarak
16%
2004 Vorzakh
16%
2015 Skull Basher
15%
2016 Umarak the Hunter
15%
2016 Kopaka and Melum Unity
14%
2015 Skull Scorpio
14%
2009 Baranus V7
13%
2009 Kaxium V3
13%
2004 Keerakh
13%
2015 Lord of Skull Spiders
13%
2016 Umarak the Destroyer
13%
2015 Mask Maker vs Skull Grinder
12%
2015 Skull Warrior
12%
2016 Storm Beast
12%
2016 Lava Beast
11%
2009 Thornatus V9
11%
2016 Quake Beast
10%
2015 Skull Slicer
10%
2016 Ketar
8%
2016 Akida
5%
2016 Uxar
5%
2016 Ikir
4%
2016 Terak
4%
No matching quizzes found
Score Distribution
Percent of People with Each Score
Percentile by Number Answered
Your Score History
You have not taken this quiz since the last reset